Taiwan Trivia Quiz - Statistieken

Algemene statistieken
  • Deze quiz is 316 keer genomen
  • De gemiddelde score is 8 van 16
Antwoordstatistieken
Hint Antwoord % Correct
Hoofdstad Taipei
94%
Land dat Taiwan bezette in de periode 1895-1945 Japan
81%
Wat is het eerste land dat je zou raken als je vanaf Taiwan direct naar het zuiden vaart? Filipijnen
75%
Object zichtbaar op de vlag van Taiwan De zon
71%
Meest voorkomende religie Boeddhisme
69%
Internationale instantie die in 1971 Taiwan heeft verbannen Verenigde Naties
58%
Valuta Taiwanese Dollar
53%
Officiële naam voor Taiwan De Republiek China
47%
Voormalige naam voor het eiland van Taiwan Formosa
47%
Meest populaire sport Honkbal
46%
's Werelds hoogste gebouw in de periode 2004–2010 Taipei 101
43%
Straat die China en Taiwan van elkaar scheidt Straat van {Taiwan}
42%
Soort thee die vaak tapiocaballen bevat {Bubbel}thee
29%
Opperbevelhebber waaronder Taiwan ontstond nadat hij in 1949 het vasteland had ontvlucht Chiang Kai-Shek
27%
Taiwanees bedrijf dat iPhones maakt in China {Fox}conn
24%
Hoogste berg Yu Shan
15%
Geen overeenkomende quizzen gevonden
Scoreverdeling
Procent van Mensen met Elke Score
Percentiel versus Aantal Correcte Antwoorden
Uw Scoregeschiedenis
U heeft deze quiz nog niet genomen